| 000 | 00657nam a2200205 a 4500 | ||
|---|---|---|---|
| 003 | OSt | ||
| 005 | 20240223123734.0 | ||
| 008 | 180219t2014 pk | |||| 000 f urd d | ||
| 020 | _a9789693527940 | ||
| 040 | _c0 | ||
| 082 |
_a891.4393 _bRET 2014 |
||
| 100 | 1 |
_aريٹارچی _9121243 |
|
| 245 | 1 | 0 |
_aچنگيزخاں کےسنہرےشاہين _cRetarchi |
| 246 |
_aChangez Khan Kay Soonehray Shaahin _bRetarchi |
||
| 260 |
_aLahore: _bSang e Meel Pub; _c2014. |
||
| 300 | _a220 p. | ||
| 710 | 1 |
_aIshfaq Ahmad _9121252 |
|
| 942 |
_2ddc _cBK _aSADA _k891.4393 RET 2014 |
||
| 999 |
_c608101 _d608101 |
||